Music Quiz

Random Music Quiz

Don't Look Back In Anger Lyrics (Oasis) Quiz Stats

 Plays Quiz not verified by Sporcle

Challenge
Share
Tweet
Embed
Score 0/284 Timer 10:00
0 Plays Today
Answer % Correct
The
97%
Don't
97%
A
97%
The
97%
A
97%
The
97%
I
97%
The
97%
And
97%
Don't
97%
The
97%
Don't
97%
The
97%
A
97%
And
97%
A
97%
The
97%
I
97%
The
97%
Don't
97%
I
97%
Don't
97%
I
97%
Don't
97%
I
97%
In
96.4%
In
96.4%
I
96.4%
And
96.4%
Don't
96.4%
You
95.9%
You
95.9%
You
95.9%
You
95.9%
Look
95.9%
Look
95.9%
In
95.9%
In
95.9%
In
95.9%
In
95.9%
In
95.9%
In
95.9%
You
95.3%
You
95.3%
You
95.3%
You
95.3%
Look
95.3%
You
95.3%
Look
95.3%
You
95.3%
Look
95.3%
You
95.3%
Look
95.3%
Look
95.3%
You
95.3%
To
94.7%
To
94.7%
Back
94.7%
Anger
94.7%
So
94.1%
To
94.1%
So
94.1%
To
94.1%
To
94.1%
To
94.1%
Back
94.1%
Anger
94.1%
Back
94.1%
Anger
94.1%
Back
94.1%
Anger
94.1%
Back
94.1%
Anger
94.1%
Know
93.5%
So
93.5%
So
93.5%
So
93.5%
Heard
93.5%
Sally
92.9%
She
92.9%
Say
92.9%
She
92.9%
Heard
92.9%
Say
92.9%
Heard
92.9%
Heard
92.9%
Sally
92.3%
Sally
92.3%
She
92.3%
Say
92.3%
Sally
92.3%
She
92.3%
Say
92.3%
Can
91.7%
Wait
91.7%
Answer % Correct
Can
91.7%
Of
91.1%
Late
91.1%
On
91.1%
Wait
91.1%
Can
91.1%
Wait
91.1%
Can
91.1%
Wait
91.1%
Your
90.5%
My
90.5%
Your
90.5%
Knows
90.5%
Too
90.5%
Your
90.5%
Of
90.5%
It
90.5%
Your
90.5%
Late
90.5%
On
90.5%
Late
90.5%
On
90.5%
Late
90.5%
On
90.5%
My
89.9%
My
89.9%
Knows
89.9%
My
89.9%
My
89.9%
My
89.9%
Knows
89.9%
Too
89.9%
My
89.9%
Knows
89.9%
Too
89.9%
Knows
89.9%
Too
89.9%
Place
89.3%
It's
89.3%
By
89.3%
By
89.3%
That
88.8%
Place
88.8%
It's
88.8%
It's
88.8%
It's
88.8%
By
88.8%
It's
88.8%
By
88.8%
That
88.2%
Away
88.2%
That
88.2%
Away
88.2%
That
88.2%
Away
87.6%
Away
87.6%
Away
87.6%
Away
87.6%
Better
87%
Walking
87%
Find
86.4%
Walking
86.4%
Walking
86.4%
Walking
86.4%
My
86.4%
But
85.8%
From
85.8%
From
85.8%
But
85.8%
Go
85.8%
From
85.8%
From
85.8%
But
85.2%
But
85.2%
But
85.2%
Might
84.6%
As
84.6%
Said
84%
Never
84%
Said
84%
Said
84%
As
84%
As
84%
As
84%
Mind
83.4%
Take
83.4%
Take
83.4%
Take
83.4%
Eye
82.8%
Out
82.2%
Out
82.2%
Inside
81.7%
Play
81.7%
We're
81.7%
Head
81.1%
Answer % Correct
Off
81.1%
Heart
81.1%
Head
81.1%
Off
81.1%
We're
81.1%
We're
81.1%
Start
80.5%
Bed
80.5%
Soul
80.5%
Start
80.5%
Bed
80.5%
Heart
80.5%
Not
80.5%
Revolution
79.9%
Face
79.9%
Revolution
79.9%
Face
79.9%
Soul
79.9%
Soul
79.9%
All
79.3%
All
79.3%
Soul
79.1%
Slip
78.7%
Me
78.7%
Things
78.1%
Went
78.1%
Went
78.1%
Where
77.5%
Where
77.5%
Had
75.7%
Fireplace
75.7%
Life
75.7%
Had
75.7%
Fireplace
75.7%
Fade
75.1%
Slides
75.1%
Nobody
75.1%
Rock
75.1%
Roll
75.1%
Slides
75.1%
Slides
75.1%
Slides
75.1%
Hands
74.6%
You've
74%
Been
74%
You've
74%
Band
74%
Brains
73.4%
Ever
73.4%
Put
73.4%
Gonna
73.4%
Brains
73.4%
Ever
73.4%
Cause
72.8%
Cause
72.8%
Cause
72.8%
Cause
72.8%
Seen
72.2%
Her
72.2%
Her
72.2%
Slowly
71.6%
Please
71.6%
She's
71.6%
Step
71%
Outside
71%
Ain't
71%
If
71%
Step
71%
Outside
71%
Ain't
71%
Beside
70.4%
Beside
70.4%
Stand
69.2%
Up
69.2%
Day
69.2%
Throw
69.2%
Stand
69.2%
Up
69.2%
Today
69.2%
Bloom
68.6%
Bloom
68.6%
Summertime's
67.5%
Summertime's
67.5%
Burn
66.9%
Burn
66.9%
I'll
65.7%
Going
65.7%
Going
65.7%
At
63.3%
Least
62.7%
They
60.9%
Or
56.8%
Night
55%
Who'll
35.5%

You're not logged in!

Compare scores with friends on all Sporcle quizzes.
OR
Log In

You Might Also Like...

Show Comments

Extras

Created Jun 8, 2017ReportNominate
Tags:anger

Top Quizzes Today


Score Distribution

Your Account Isn't Verified!

In order to create a playlist on Sporcle, you need to verify the email address you used during registration. Go to your Sporcle Settings to finish the process.

Report this User

Report this user for behavior that violates our Community Guidelines.

Details: